00618mam a2200193 i 450000100060000000300040000600500170001000800410002703500200006803500240008804000230011208200180013510000560015324501110020926000430032030000200036365000190038365000220040252026OSt20180823093328.0751210s1912 nyu 000 0 eng d a(OCoLC)01888359 a(OCoLC)ocm01888359  aBSCcBSCdOCLdFYB a232.6 bM847S1 aMorgan, G. Campbellq(George Campbell),d1863-1945.10aSunrise, "Behold, He cometh]" :bAn introduction to a study of the Second Advent /cby G. Campbell Morgan. aNew York :bFleming H. Revell,cc1912. a95 p. ;c19 cm. 0aSecond Advent. 0aSermons, English.